Alienazione linguistica e oralita ne "La Guaracha del Macho Camacho"
Gespeichert in:
| 1. Verfasser: | |
|---|---|
| Format: | Unbekannt |
| Veröffentlicht: |
Roma, Italia:
Universita Cattolica del Sacro Cuore,
|
| Tags: |
Tag hinzufügen
Keine Tags, Fügen Sie den ersten Tag hinzu!
|
MARC
| LEADER | 000000000a22000000004500 | ||
|---|---|---|---|
| 001 | 001729 | ||
| 022 | |a 8876952993 | ||
| 041 | 0 | |a Italiano | |
| 092 | 0 | |a Centroamericana | |
| 100 | 1 | |a Gianni, Silvia | |
| 245 | 1 | 0 | |a Alienazione linguistica e oralita ne "La Guaracha del Macho Camacho" |
| 260 | |a Roma, Italia: |b Universita Cattolica del Sacro Cuore, | ||
| 310 | |a anual | ||
| 773 | 0 | |t Centroamericana | |
| 773 | 0 | |g número 11 (2005) | |
| 773 | 0 | |g 1990- | |
| 773 | 0 | |g 31-47 páginas | |
| 999 | |c 2018 |d 2018 | ||
